000 00470nam a2200145 4500
001 143189
003 ES-MaACL
007 t|
008 070214s1953 sp r ||||1| spa d
100 1 _aSemir y de Arquer, Ramón de.
_9105389
245 1 0 _aGuías monográficas
_b: Vall Ferrera, Pirineo catalán /
_cRamón de Semir y de Arquer.
260 _aGranollers :
_bEd. Alpina,
_c1953.
300 _a121 p., 16 lám. :
_bil. ;
_c18 cm.
852 _aES-MaACL
_jC-7435
_bR.35181
999 _c143189
_d143189